Obrali ho o titul majstra Európy

Bibliographic Details
Main Author: Valko, Juraj (Author)
Format: Article
Language:Slovak
Subjects:

MARC

LEADER 00000nab a2200000 ar4500
001 vtls008413437
003 SK-MaSNL
005 20260303070224.0
008 051205c2005 xo wr|p|||||||000 b|slo
015 |a SNBRB2005/12  |2 snkbucl 
038 |a SNKBUCL 
040 |a SNKBUCL  |b slo  |c SNKBUCL  |e AACR2 
041 0 |a slo 
044 |a xo  |c SK 
080 |a 796.894.071  |2 UDC-MRF-SK2 
080 |a 929 Prekop, Marián  |2 UDC-MRF-SK2 
100 1 |a Valko, Juraj  |4 aut  |9 888895 
245 1 0 |a Obrali ho o titul majstra Európy  |c Juraj Valko 
300 |b Fotogr. 
600 1 7 |a Prekop, Marián  |d 1956-  |2 snkbucl  |9 963629 
773 0 |t Muscular Storm  |g Č. 11 (2005), s. 20-21  |x 1336-6068 
852 |a SNK  |b KIS3GCP 
958 |a BX 
999 |c 1754439  |d 1756369